000 02719nas1a22003251i 4500
001 RU\NLR\INFOCOMM16\1000024872
005 20240725221912.0
011 _a0203-932Х
035 _a(NLR Aleph) 002763904
090 _a2256972
_c2256972
100 _a20040205c1984 |||y0rusy50 ca
101 0 _arus
102 _aRU
110 _aayu||||0|y0
200 1 _aГеодезия, аэросъемка, картография
_eОбзор. информ.
_iСерия "Механизация и автоматизация геодезических, топографических картографических работ"
_fЦНИИ геодезии, аэросъемки и картографии им. Ф.Н.Красовского
210 _aМ.
_d1984-
300 _aВ надзаг. также: Гл. упр. геодезии и картографии при Совете Министров СССР
300 _aОбразовано в результате разделения: Обзорная информация. ЦНИИ геодезии, аэросъемки и картографии им. Ф.Н.Красовского (Шифр: П51/1087)
431 0 _12001#$aОбзорная информация$fЦНИИ геодезии, аэросъемки и картографии им. Ф.Н.Красовского
_1852##$aNLR$jП51/1087
_tОбзорная информация
801 1 _aRU
_bInfoComm
_c20040205
801 0 _aRU
_bNLR
_gPSBO
852 _aNLR
_jП7/2065
942 _cJOURNAL
980 _aRUSPER